000 00522pab a2200181 454500
008 180718b2008 xxu||||| |||| 00| 0 eng d
100 _aVirender Kumar
245 _aMicrofinancing in hill states with special reference to Himachal Pradesh - some reflections
260 _c2008
300 _ap.139-56.
362 _aJul-Dec
650 _aBackward areas - India - Himachal Pradesh
650 _aFinance - India - Himachal Pradesh
650 _aFinance
773 _aIASSI Quarterly
908 _aN
909 _a86031
999 _c86031
_d86031